[Event "Quebec op inv."]
[Site "Montreal CAN"]
[Date "2013.07.21"]
[Round "1.6"]
[White "Leveille, Francois"]
[Black "Moradiabadi, Elshan"]
[Result "0-1"]
[WhiteElo "2279"]
[BlackElo "2551"]
[PlyCount "74"]
[GameId "2160767909305238"]
[EventDate "2013.07.21"]
[EventType "swiss"]
[EventRounds "9"]
[EventCountry "CAN"]

1. e4 c5 2. Nf3 e6 3. d4 cxd4 4. Nxd4 a6 5. Bd3 Bc5 6. Nb3 Ba7 7. O-O Nc6 8. Qg4 Nf6 9. Qxg7 Rg8 10. Qh6 Ng4 11. Qxh7 Rf8 12. Qh5 Nce5 13. Bg5 Qc7 14. Nc3 b5 15. Bxb5 Rg8 16. Kh1 axb5 17. Nxb5 Qb6 18. a4 Bb8 19. N3d4 Ba6 20. Rad1 Bxb5 21. axb5 Nxh2 22. Qxh2 Ng6 23. f4 Rh8 24. Bh6 Nxf4 25. g3 Ng6 26. Qd2 Qd6 27. Rf3 Qf8 28. Nf5 Ne5 29. Qc3 Rxh6+ 30. Nxh6 Qxh6+ 31. Kg2 Nxf3 32. Qd3 Ke7 33. Qxd7+ Kf8 34. Qc8+ Kg7 35. Rh1 Ne1+ 36. Rxe1 Qd2+ 37. Kf1 Qxe1+ 0-1

[Event "Quebec op inv."]
[Site "Montreal CAN"]
[Date "2013.07.21"]
[Round "1.8"]
[White "Sapozhnikov, Roman"]
[Black "Chirila, Ioan Christian"]
[Result "0-1"]
[WhiteElo "2272"]
[BlackElo "2528"]
[PlyCount "130"]
[GameId "2160767909305240"]
[EventDate "2013.07.21"]
[EventType "swiss"]
[EventRounds "9"]
[EventCountry "CAN"]

1. e4 e5 2. Nf3 Nc6 3. Bb5 a6 4. Ba4 Nf6 5. O-O Be7 6. d3 b5 7. Bb3 d6 8. a4 Bd7 9. c3 Na5 10. Bc2 O-O 11. d4 Nc6 12. d5 Na5 13. Nbd2 c6 14. b4 Nb7 15. dxc6 Bxc6 16. Qe2 Qc7 17. Bb2 Rfc8 18. Bd3 bxa4 19. c4 Be8 20. Rfc1 a5 21. b5 Nc5 22. Bc2 Qb7 23. Re1 Nfd7 24. Bxa4 Nb6 25. Bc2 f6 26. Ra3 Ne6 27. Rc3 Bf7 28. Qe3 Nd7 29. Ba3 Ndc5 30. Bd3 Bd8 31. Bf1 Bb6 32. Qe2 Qa7 33. Qd1 Nb7 34. c5 Nexc5 35. Bc4 Nd8 36. Bxf7+ Nxf7 37. Nc4 Ne6 38. Rf1 Nd4 39. Nxd4 Bxd4 40. Rc1 Qb7 41. Qb3 a4 42. Qb4 Bc5 43. Qb1 Rab8 44. b6 g6 45. Bxc5 Rxc5 46. Qb4 Qxe4 47. Qxa4 Qc6 48. Qa7 Rb7 49. Qa6 Rb8 50. Qa7 Rb7 51. Qa6 Nd8 52. Qa2 Rf7 53. h3 d5 54. Rfd1 Nb7 55. Qa7 Kg7 56. Nxe5 fxe5 57. Rxc5 Qxc5 58. Qa2 Qxb6 59. Rxd5 Qf6 60. Qb2 e4 61. Qe5 Qxe5 62. Rxe5 Nd6 63. Kf1 Kf6 64. Ra5 Rb7 65. Ke2 Rb2+ 0-1

[Event "Quebec op inv."]
[Site "Montreal CAN"]
[Date "2013.07.21"]
[Round "1.11"]
[White "Hambleton, Aman"]
[Black "Voskanyan, Vahagn"]
[Result "1-0"]
[WhiteElo "2480"]
[BlackElo "2241"]
[PlyCount "95"]
[GameId "2160767909305241"]
[EventDate "2013.07.21"]
[EventType "swiss"]
[EventRounds "9"]
[EventCountry "CAN"]

1. d4 d5 2. c4 c6 3. Nf3 Nf6 4. e3 g6 5. Nc3 Bg7 6. Be2 O-O 7. O-O b6 8. b3 Bb7 9. Bb2 Nbd7 10. a4 c5 11. Re1 Rc8 12. Ne5 dxc4 13. Bxc4 Nxe5 14. dxe5 Ne4 15. Nxe4 Bxe4 16. f3 Bb7 17. Qe2 Qc7 18. e6 f5 19. Rad1 Rcd8 20. Rd7 Rxd7 21. exd7+ Kh8 22. Rd1 Rd8 23. Be6 Bf6 24. e4 fxe4 25. fxe4 Qc6 26. e5 Bg7 27. Bg4 Qe4 28. Rd2 h5 29. Bf3 Qxe2 30. Bxe2 Kh7 31. Bc4 Be4 32. e6 Bf5 33. Bxg7 Kxg7 34. Re2 Kf6 35. Kf2 a6 36. Re3 b5 37. Bd5 g5 38. Ke1 Bg4 39. Kd2 Bf5 40. Kc3 Bg4 41. a5 Bf5 42. b4 c4 43. Kd4 Bg4 44. h3 Bf5 45. Kc5 c3 46. Rxc3 Bxe6 47. Bxe6 Kxe6 48. Kc6 1-0

[Event "Quebec op inv."]
[Site "Montreal CAN"]
[Date "2013.07.21"]
[Round "1.16"]
[White "Morin, Yves"]
[Black "Perez Rodriguez, Luis Manuel"]
[Result "0-1"]
[WhiteElo "2185"]
[BlackElo "2427"]
[PlyCount "76"]
[GameId "2160767909305245"]
[EventDate "2013.07.21"]
[EventType "swiss"]
[EventRounds "9"]
[EventCountry "CAN"]

1. Nf3 d5 2. d3 g6 3. e4 dxe4 4. dxe4 Qxd1+ 5. Kxd1 Bg7 6. c3 Nf6 7. Nfd2 O-O 8. f3 Nbd7 9. Kc2 Nc5 10. Nb3 Nxb3 11. axb3 Be6 12. Be3 Nd7 13. Nd2 f5 14. Bc4 Bxc4 15. bxc4 a6 16. Rhd1 Rad8 17. Bg5 Rfe8 18. exf5 gxf5 19. Ra5 h6 20. Bh4 Be5 21. g3 c5 22. f4 Bc7 23. Raa1 Nf8 24. Nf3 Ng6 25. Rd5 Rxd5 26. cxd5 Kf7 27. Rd1 Bd6 28. Re1 e6 29. dxe6+ Rxe6 30. Rxe6 Kxe6 31. c4 Bc7 32. b3 Nf8 33. Kc3 Nd7 34. Nd2 Nf8 35. Kd3 Ng6 36. Nf3 Ba5 37. Ke3 b5 38. cxb5 axb5 0-1

[Event "Quebec op inv."]
[Site "Montreal CAN"]
[Date "2013.07.21"]
[Round "1.17"]
[White "Oliva Castaneda, Kevel"]
[Black "Caire, Francois"]
[Result "1-0"]
[WhiteElo "2423"]
[BlackElo "2178"]
[PlyCount "153"]
[GameId "2160767909305246"]
[EventDate "2013.07.21"]
[EventType "swiss"]
[EventRounds "9"]
[EventCountry "CAN"]

1. Nf3 Nc6 2. d4 d5 3. c4 Bg4 4. Nc3 e6 5. e3 Bb4 6. Be2 Nf6 7. O-O O-O 8. Qb3 dxc4 9. Qxc4 Bd6 10. a3 e5 11. d5 Ne7 12. Rd1 a6 13. b4 Ng6 14. g3 Qe7 15. e4 Rac8 16. Ne1 c6 17. Bxg4 Nxg4 18. Qe2 cxd5 19. Nxd5 Qe6 20. Nf3 h6 21. Bb2 Bb8 22. h3 Nf6 23. Nxf6+ Qxf6 24. Rd5 Qe6 25. Kg2 Ne7 26. Rd2 Rfd8 27. Rad1 Rxd2 28. Qxd2 Nc6 29. Qd7 Qxd7 30. Rxd7 b5 31. Rb7 Bc7 32. Ne1 f6 33. Nd3 Bd8 34. Nc5 Ra8 35. Ne6 g5 36. h4 Kh8 37. h5 Rc8 38. Kf3 a5 39. bxa5 Nxa5 40. Rf7 Rc2 41. Nxd8 Rxb2 42. Rxf6 Kh7 43. Rf7+ Kg8 44. Rf5 Nc4 45. Nf7 Kg7 46. Nxe5 Rb3+ 47. Kg4 Nd6 48. Rf3 Rb2 49. Nd3 Rc2 50. e5 Rc4+ 51. Nf4 Ne8 52. Rd3 gxf4 53. gxf4 Ra4 54. Rd5 Rxa3 55. Rxb5 Ra7 56. f5 Nc7 57. Rc5 Rb7 58. f4 Kf7 59. Rc6 Nd5 60. Rxh6 Rb4 61. Kg5 Nxf4 62. e6+ Kf8 63. Rf6+ Kg7 64. Rf7+ Kg8 65. Rd7 Re4 66. Rd6 Kh7 67. Ra6 Nh3+ 68. Kf6 Nf4 69. Kf7 Nxh5 70. f6 Nf4 71. e7 Ng6 72. e8=Q Nh8+ 73. Kf8 Ng6+ 74. Qxg6+ Kxg6 75. f7+ Kf5 76. Kg8 Rg4+ 77. Kh7 1-0

[Event "Quebec op inv."]
[Site "Montreal CAN"]
[Date "2013.07.21"]
[Round "1.20"]
[White "Tomb, Maroun"]
[Black "Cheng, Bindi"]
[Result "0-1"]
[WhiteElo "2133"]
[BlackElo "2406"]
[PlyCount "59"]
[GameId "2160767909305248"]
[EventDate "2013.07.21"]
[EventType "swiss"]
[EventRounds "9"]
[EventCountry "CAN"]

1. e4 c5 2. Nf3 d6 3. d4 Nf6 4. Nc3 cxd4 5. Nxd4 a6 6. Bg5 Nbd7 7. f4 Qc7 8. Qe2 e5 9. Nf3 h6 10. Bxf6 Nxf6 11. g3 Be7 12. O-O-O O-O 13. Kb1 b5 14. a3 Rb8 15. h3 b4 16. axb4 Rxb4 17. Qe3 Bb7 18. Nd2 Rc8 19. Bc4 exf4 20. gxf4 d5 21. exd5 Nxd5 22. Bxd5 Bxd5 23. Nb3 Bxh1 24. Rxh1 Bf6 25. Rd1 Bxc3 26. bxc3 Qxc3 27. Rd8+ Kh7 28. Qxc3 Rxc3 29. Kb2 Rxh3 30. f5 0-1

[Event "Quebec op inv."]
[Site "Montreal CAN"]
[Date "2013.07.21"]
[Round "1.24"]
[White "Lo, Ryan"]
[Black "Thavandiran, Shiyam"]
[Result "0-1"]
[WhiteElo "2068"]
[BlackElo "2338"]
[PlyCount "90"]
[GameId "2160767909305250"]
[EventDate "2013.07.21"]
[EventType "swiss"]
[EventRounds "9"]
[EventCountry "CAN"]

1. d4 e6 2. c4 Bb4+ 3. Nc3 c5 4. e3 d6 5. Nge2 Ne7 6. a3 Ba5 7. g3 d5 8. dxc5 dxc4 9. Qxd8+ Kxd8 10. Bd2 Na6 11. Nd4 Nd5 12. Rc1 Nxc5 13. Bxc4 Bxc3 14. Bxc3 Nxc3 15. Rxc3 Bd7 16. O-O Ne4 17. Rd3 Ke7 18. Rfd1 Rhd8 19. b3 Nd6 20. Rc3 Rac8 21. Rdc1 Nxc4 22. Rxc4 Rxc4 23. Rxc4 e5 24. Nf3 Bc6 25. e4 Rd1+ 26. Kg2 Bb5 27. Nxe5 Bxc4 28. Nxc4 Rd3 29. Na5 b6 30. Nc6+ Kd6 31. Nxa7 Rxb3 32. a4 Rb4 33. e5+ Kd5 34. f4 Rxa4 35. Nb5 Ra2+ 36. Kh3 Rb2 37. Nd6 Ke6 38. Kg4 Rxh2 39. f5+ Kxe5 40. Nc4+ Kf6 41. Nxb6 h5+ 42. Kf4 Rf2+ 43. Ke4 Rxf5 44. Nd7+ Kg5 45. Nf8 g6 0-1

[Event "Quebec op inv."]
[Site "Montreal CAN"]
[Date "2013.07.21"]
[Round "1.26"]
[White "Cao, Jason"]
[Black "Shetty, Atulya"]
[Result "1-0"]
[WhiteElo "2060"]
[BlackElo "2314"]
[PlyCount "73"]
[GameId "2160767909305252"]
[EventDate "2013.07.21"]
[EventType "swiss"]
[EventRounds "9"]
[EventCountry "CAN"]

1. e4 c5 2. Nf3 d6 3. d4 cxd4 4. Nxd4 Nf6 5. Nc3 Nc6 6. Bg5 e6 7. Qd2 a6 8. O-O-O Bd7 9. f3 Qc7 10. Kb1 Be7 11. h4 h6 12. Be3 h5 13. Bg5 Ne5 14. f4 Neg4 15. Bd3 Qb6 16. Bc4 Rc8 17. Qe2 Nf2 18. Qxf2 Rxc4 19. Qd2 d5 20. Bxf6 Bxf6 21. e5 Be7 22. Nce2 Qc7 23. Nf3 O-O 24. Ned4 Rc8 25. Rhg1 Ra4 26. g4 hxg4 27. Rxg4 Qa5 28. Qg2 Rxa2 29. Nb3 Rxb2+ 30. Kxb2 Qc3+ 31. Ka2 g6 32. Nfd4 Rc4 33. Rxg6+ fxg6 34. Qxg6+ Kf8 35. Rg1 Bg5 36. Qxg5 Be8 37. Nxe6+ 1-0

[Event "Quebec op inv."]
[Site "Montreal CAN"]
[Date "2013.07.21"]
[Round "1.27"]
[White "Chandra, Akshat"]
[Black "Wan, Kevin"]
[Result "1-0"]
[WhiteElo "2312"]
[BlackElo "2006"]
[PlyCount "73"]
[GameId "2160767909305253"]
[EventDate "2013.07.21"]
[EventType "swiss"]
[EventRounds "9"]
[EventCountry "CAN"]

1. e4 e6 2. d4 d5 3. Nc3 Bb4 4. e5 c5 5. a3 Bxc3+ 6. bxc3 Ne7 7. a4 Qc7 8. Nf3 Nbc6 9. Be2 Bd7 10. O-O c4 11. Ba3 f6 12. Bd6 Qa5 13. Qd2 O-O 14. exf6 Rxf6 15. Ne5 Qd8 16. f4 Be8 17. Ba3 Bg6 18. g4 Nxe5 19. fxe5 Rxf1+ 20. Rxf1 h6 21. h4 Qd7 22. h5 Be4 23. Qf4 Qe8 24. Bxc4 Bxc2 25. Bb5 Nc6 26. Qd2 Be4 27. Rf8+ Qxf8 28. Bxf8 Rxf8 29. Bd3 Bf3 30. g5 Bxh5 31. gxh6 g6 32. Qg5 Kh8 33. Kh1 Rf7 34. Bxg6 Bxg6 35. Qxg6 Re7 36. Kh2 a6 37. a5 1-0

[Event "Quebec op inv."]
[Site "Montreal CAN"]
[Date "2013.07.21"]
[Round "2.6"]
[White "Cheng, Bindi"]
[Black "Hambleton, Aman"]
[Result "1/2-1/2"]
[WhiteElo "2406"]
[BlackElo "2480"]
[PlyCount "61"]
[GameId "2160767909305255"]
[EventDate "2013.07.21"]
[EventType "swiss"]
[EventRounds "9"]
[EventCountry "CAN"]

1. Nf3 Nf6 2. g3 b6 3. Bg2 Bb7 4. O-O e6 5. c4 c5 6. Nc3 a6 7. d4 cxd4 8. Qxd4 d6 9. Bg5 Nbd7 10. Qd2 Be7 11. Bf4 Nc5 12. Rfd1 Nce4 13. Nxe4 Nxe4 14. Qc2 Qc7 15. Nd4 Nc5 16. Bxb7 Nxb7 17. Be3 O-O 18. b4 Rfc8 19. Rac1 Nd8 20. Qe4 Nc6 21. Nxc6 Qxc6 22. Qxc6 Rxc6 23. b5 Rc7 24. Bxb6 Rb7 25. c5 dxc5 26. Bxc5 Bxc5 27. Rxc5 axb5 28. Rb1 g6 29. Rcxb5 Rxb5 30. Rxb5 Rxa2 31. e3 1/2-1/2

[Event "Quebec op inv."]
[Site "Montreal CAN"]
[Date "2013.07.21"]
[Round "2.9"]
[White "Gerzhoy, Leonid"]
[Black "Calugar, Arthur"]
[Result "1-0"]
[WhiteElo "2462"]
[BlackElo "2282"]
[PlyCount "57"]
[GameId "2160767739316927"]
[EventDate "2013.07.21"]
[EventType "swiss"]
[EventRounds "9"]
[EventCountry "CAN"]
[TimeControl "240+2"]

1. Nf3 Nf6 2. c4 g6 3. Nc3 d5 4. cxd5 Nxd5 5. Qa4+ Bd7 6. Qh4 Nxc3 7. dxc3 Nc6 8. e4 e5 9. Bg5 Be7 10. Bc4 h6 11. Bxe7 Qxe7 12. Qg3 O-O-O 13. O-O g5 14. Bd5 f6 15. Rfd1 Nb8 16. Ne1 Be6 17. Qe3 a6 18. c4 Bg4 19. f3 Be6 20. Nd3 c6 21. Nc5 cxd5 22. cxd5 Bd7 23. Rac1 Nc6 24. Nxa6 bxa6 25. d6 Qh7 26. Qa7 Be8 27. Qa8+ Kd7 28. Qxc6+ Ke6 29. Qd5+ 1-0

[Event "Quebec op inv."]
[Site "Montreal CAN"]
[Date "2013.07.21"]
[Round "2.11"]
[White "Perez Rodriguez, Luis Manuel"]
[Black "Cao, Jason"]
[Result "1-0"]
[WhiteElo "2427"]
[BlackElo "2060"]
[PlyCount "67"]
[GameId "2160767909305258"]
[EventDate "2013.07.21"]
[EventType "swiss"]
[EventRounds "9"]
[EventCountry "CAN"]

1. e4 c5 2. Nf3 d6 3. d4 cxd4 4. Nxd4 Nf6 5. Nc3 a6 6. Bg5 e6 7. f4 h6 8. Bh4 Qb6 9. a3 Be7 10. Bf2 Qc7 11. Qf3 b5 12. O-O-O Nbd7 13. Bd3 Bb7 14. Rhe1 O-O-O 15. Kb1 Kb8 16. Qg3 g5 17. fxg5 hxg5 18. h3 Ne5 19. Qe3 Nh5 20. Na2 Nf4 21. Bf1 Nc4 22. Bxc4 Qxc4 23. Nb3 Rd7 24. Qa7+ Kc8 25. Nc5 Rc7 26. Nxb7 Rxb7 27. Qa8+ Rb8 28. Qxa6+ Rb7 29. Re3 Bf6 30. Nb4 Nxg2 31. Red3 Rd8 32. Nc6 Rdd7 33. e5 Bg7 34. Rxd6 1-0

[Event "Quebec op inv."]
[Site "Montreal CAN"]
[Date "2013.07.21"]
[Round "2.13"]
[White "Rodriguez, Eric"]
[Black "Bruzon Batista, Lazaro"]
[Result "0-1"]
[WhiteElo "2290"]
[BlackElo "2689"]
[PlyCount "58"]
[GameId "2160767739316928"]
[EventDate "2013.07.21"]
[EventType "swiss"]
[EventRounds "9"]
[EventCountry "CAN"]
[TimeControl "240+2"]

1. e4 c5 2. c3 Nf6 3. e5 Nd5 4. d4 cxd4 5. Nf3 e6 6. cxd4 d6 7. Bc4 Be7 8. O-O O-O 9. Qe2 b6 10. Qe4 Ba6 11. b3 dxe5 12. dxe5 b5 13. Bd3 g6 14. Bh6 Re8 15. Nbd2 Nd7 16. Rac1 Nc5 17. Rxc5 Bxc5 18. Qg4 Nc3 19. Ne4 Be7 20. Bc2 Rc8 21. Nxc3 Rxc3 22. Be4 b4 23. Re1 Qb6 24. Bd2 Rc7 25. Ng5 Rd8 26. Qf3 Bf8 27. Be3 Qb5 28. Qh3 h6 29. Nxe6 Qe2 0-1

[Event "Quebec op inv."]
[Site "Montreal CAN"]
[Date "2013.07.21"]
[Round "2.14"]
[White "Hamilton, Robert"]
[Black "Rozentalis, Eduardas"]
[Result "0-1"]
[WhiteElo "2251"]
[BlackElo "2619"]
[PlyCount "106"]
[GameId "2160767909305260"]
[EventDate "2013.07.21"]
[EventType "swiss"]
[EventRounds "9"]
[EventCountry "CAN"]

1. d4 Nf6 2. c4 e6 3. Nf3 Nc6 4. Nc3 Bb4 5. Qc2 d6 6. Bg5 h6 7. Bxf6 Qxf6 8. a3 Bxc3+ 9. Qxc3 e5 10. dxe5 dxe5 11. e3 O-O 12. Bd3 Bh3 13. O-O Qe6 14. Nd2 Bf5 15. Ne4 Qg6 16. f3 h5 17. Rad1 h4 18. Rd2 Rad8 19. Rfd1 Qh6 20. Nf2 Bxd3 21. Rxd3 Rxd3 22. Rxd3 Qe6 23. Ne4 b6 24. c5 b5 25. Qb3 Qxb3 26. Rxb3 a6 27. Kf2 Rd8 28. Ke2 f6 29. Rd3 Kf7 30. Nc3 Ke6 31. Rxd8 Nxd8 32. e4 Kd7 33. Nd5 Ne6 34. b4 Nd4+ 35. Ke3 c6 36. Nb6+ Kc7 37. g3 h3 38. f4 Nc2+ 39. Kd2 exf4 40. gxf4 g5 41. e5 g4 42. exf6 Nd4 43. f5 Kd8 44. f7 Ke7 45. Nd7 Nf3+ 46. Ke3 Kxf7 47. Kf4 Nxh2 48. Ne5+ Kf6 49. Nxc6 Nf3 50. Kg3 h2 51. Kg2 g3 52. Na7 Ne1+ 53. Kh1 Nd3 0-1

[Event "Quebec op inv."]
[Site "Montreal CAN"]
[Date "2013.07.21"]
[Round "2.17"]
[White "Caire, Francois"]
[Black "Sambuev, Bator"]
[Result "0-1"]
[WhiteElo "2178"]
[BlackElo "2530"]
[PlyCount "26"]
[GameId "2160767909305261"]
[EventDate "2013.07.21"]
[EventType "swiss"]
[EventRounds "9"]
[EventCountry "CAN"]

1. d4 Nf6 2. c4 e6 3. Nc3 Bb4 4. a3 Bxc3+ 5. bxc3 c5 6. f3 O-O 7. e4 Ne8 8. Bd3 Nc6 9. Ne2 b6 10. Be3 Ba6 11. O-O Na5 12. dxc5 Nxc4 13. Bf2 Nb2 0-1

[Event "Quebec op inv."]
[Site "Montreal CAN"]
[Date "2013.07.21"]
[Round "2.18"]
[White "Shetty, Atulya"]
[Black "Berube, Antoine"]
[Result "1-0"]
[WhiteElo "2314"]
[BlackElo "2174"]
[PlyCount "79"]
[GameId "2160767909305262"]
[EventDate "2013.07.21"]
[EventType "swiss"]
[EventRounds "9"]
[EventCountry "CAN"]

1. c4 e5 2. g3 Nf6 3. Bg2 Nc6 4. Nc3 Bc5 5. Nf3 d6 6. d3 h6 7. O-O O-O 8. a3 a5 9. e3 Bg4 10. h3 Bh5 11. Ne2 e4 12. dxe4 Nxe4 13. Nf4 Bxf3 14. Bxf3 Re8 15. Qc2 Ng5 16. Bg2 Ne6 17. Nd3 a4 18. Bd2 Bb6 19. Rad1 Nc5 20. Nxc5 Bxc5 21. Bc3 Qg5 22. Kh2 Ra7 23. e4 Qg6 24. f4 Qe6 25. Qe2 Na5 26. f5 Qxc4 27. Qg4 f6 28. Bxf6 Qf7 29. Bxg7 h5 30. Qf4 Kxg7 31. f6+ Kh7 32. e5 Rxe5 33. Be4+ Kg8 34. Bd5 Rxd5 35. Rxd5 Nc6 36. Qg5+ Kf8 37. Qh6+ Ke8 38. Rg5 Ne5 39. Qh8+ Kd7 40. Rg7 1-0

[Event "Quebec op inv."]
[Site "Montreal CAN"]
[Date "2013.07.21"]
[Round "2.19"]
[White "Ibrahim, Anthony"]
[Black "Kleinman, Michael"]
[Result "0-1"]
[WhiteElo "2161"]
[BlackElo "2298"]
[PlyCount "104"]
[GameId "2160767909305263"]
[EventDate "2013.07.21"]
[EventType "swiss"]
[EventRounds "9"]
[EventCountry "CAN"]

1. d4 Nf6 2. c4 g6 3. Nc3 d5 4. Bg5 Ne4 5. Bh4 Nxc3 6. bxc3 dxc4 7. e3 Be6 8. Nf3 Bg7 9. Rb1 b6 10. Nd2 O-O 11. Qa4 c5 12. Bxc4 Bxc4 13. Qxc4 Nc6 14. O-O Rc8 15. Qe2 Qd7 16. Rfd1 cxd4 17. cxd4 e5 18. dxe5 Nxe5 19. Nb3 Qa4 20. Bg3 Nc4 21. Rbc1 Nb2 22. Rxc8 Rxc8 23. Rc1 Rxc1+ 24. Nxc1 Qe4 25. h3 Qb1 26. Qf1 Bf6 27. Kh2 Na4 28. Qc4 Nc3 29. Qc8+ Kg7 30. Bd6 g5 31. g4 Nd5 32. Qf8+ Kg6 33. Qg8+ Bg7 34. Be5 Nf6 35. Bxf6 Kxf6 36. Qc8 Qe4 37. Ne2 Qf3 38. Qc3+ Kg6 39. Qc2+ Kh6 40. Ng3 Be5 41. Qd2 b5 42. Qe1 b4 43. Kg1 Bxg3 44. fxg3 a5 45. Kh2 Qf6 46. Qd2 Qe5 47. Kg2 Qc5 48. h4 Kg7 49. Qd7 Qxe3 50. Qc6 Qd2+ 51. Kh3 gxh4 52. gxh4 Qc3+ 0-1

[Event "Quebec op inv."]
[Site "Montreal CAN"]
[Date "2013.07.21"]
[Round "2.21"]
[White "Van Heirzeele, Daniel"]
[Black "Leveille, Francois"]
[Result "1/2-1/2"]
[WhiteElo "2116"]
[BlackElo "2279"]
[PlyCount "54"]
[GameId "2160767909305264"]
[EventDate "2013.07.21"]
[EventType "swiss"]
[EventRounds "9"]
[EventCountry "CAN"]

1. d4 Nf6 2. c4 g6 3. Nc3 d5 4. Nf3 Bg7 5. Qb3 dxc4 6. Qxc4 O-O 7. e4 Na6 8. Be2 c5 9. d5 e6 10. O-O exd5 11. exd5 Re8 12. Be3 Bf5 13. Rad1 Qb6 14. d6 Be6 15. Qb5 Bd7 16. Qxb6 axb6 17. Bc4 Nb4 18. Rd2 h6 19. a3 Nc6 20. Nd5 Nxd5 21. Bxd5 Rad8 22. b4 cxb4 23. axb4 Nxb4 24. Bxb6 Ra8 25. Bb3 Bc3 26. Rdd1 Ra3 27. Bd5 Nxd5 1/2-1/2

[Event "Quebec op inv."]
[Site "Montreal CAN"]
[Date "2013.07.21"]
[Round "2.22"]
[White "Tessier-Desrosiers, Olivier"]
[Black "Sapozhnikov, Roman"]
[Result "0-1"]
[WhiteElo "2106"]
[BlackElo "2272"]
[PlyCount "116"]
[GameId "2160767909305265"]
[EventDate "2013.07.21"]
[EventType "swiss"]
[EventRounds "9"]
[EventCountry "CAN"]

1. d4 Nf6 2. Nc3 d5 3. Bg5 Nbd7 4. e4 dxe4 5. f3 exf3 6. Nxf3 e6 7. Bc4 Be7 8. d5 exd5 9. Nxd5 O-O 10. O-O Nxd5 11. Qxd5 c6 12. Qd2 Nf6 13. Bd3 Qb6+ 14. Kh1 Qxb2 15. Rab1 Qa3 16. Qf4 Qc5 17. Rbe1 Be6 18. Re5 Qb4 19. Nd4 Rad8 20. Nf5 Bxf5 21. Qxf5 g6 22. Qh3 Nd5 23. Re4 Qd6 24. Bh6 Rfe8 25. Qf3 f6 26. Rfe1 Qd7 27. Bc4 f5 28. Re6 Bf8 29. Rxe8 Rxe8 30. Bxd5+ cxd5 31. Rxe8 Qxe8 32. Qxd5+ Qf7 33. Qd8 f4 34. Kg1 a6 35. Kf2 Qf5 36. Bxf8 Qxf8 37. Qd5+ Qf7 38. Qd8+ Kg7 39. Qd4+ Kh6 40. h4 Qf5 41. Qc3 b6 42. Qd2 Kh5 43. Qe2+ Kxh4 44. Kg1 Qc5+ 45. Kh2 Qd6 46. Kh1 b5 47. c4 bxc4 48. Qxc4 Qd1+ 49. Kh2 Qd6 50. Kh1 Kg5 51. Qc3 Qd5 52. Qa3 Qe6 53. Qc5+ Kg4 54. a4 Kg3 55. Qg1 Qe3 56. Qh2+ Kg4 57. Qxh7 Qe1+ 58. Kh2 Qh4+ 0-1

[Event "Quebec op inv."]
[Site "Montreal CAN"]
[Date "2013.07.21"]
[Round "2.26"]
[White "Villavieja, Butch"]
[Black "Lo, Ryan"]
[Result "1-0"]
[WhiteElo "2211"]
[BlackElo "2068"]
[PlyCount "95"]
[GameId "2160767909305269"]
[EventDate "2013.07.21"]
[EventType "swiss"]
[EventRounds "9"]
[EventCountry "CAN"]

1. e4 c5 2. Nf3 e6 3. d4 cxd4 4. Nxd4 a6 5. Bd3 Nf6 6. Be3 Qc7 7. Nb3 d5 8. N1d2 Bd6 9. h3 Nbd7 10. O-O O-O 11. a4 b6 12. Qe2 Bb7 13. Bg5 Rfc8 14. Rac1 Bf4 15. Bxf4 Qxf4 16. exd5 exd5 17. a5 Re8 18. Qf3 Qd6 19. Qg3 Ne5 20. Nd4 Ne4 21. Bxe4 dxe4 22. Qxg7+ Kxg7 23. Nf5+ Kf8 24. Nxd6 Red8 25. Nxb7 Rxd2 26. axb6 Rb8 27. Nc5 Rxb6 28. Nxe4 Rd4 29. Rfe1 Rxb2 30. Nc5 Nc6 31. Nxa6 Rd2 32. Nc5 Rdxc2 33. Nd7+ Kg7 34. Rxc2 Rxc2 35. Re4 Rd2 36. Rg4+ Kh8 37. Nf6 Ne7 38. Re4 Ng6 39. Nh5 Rd8 40. Ra4 Kg8 41. f4 f5 42. Ra7 Rf8 43. Kf2 Rf7 44. Ra8+ Rf8 45. Ra5 Rf7 46. g3 Kf8 47. Kf3 Ke7 48. g4 1-0

[Event "Quebec op inv."]
[Site "Montreal CAN"]
[Date "2013.07.21"]
[Round "2.27"]
[White "Masse, Hugues"]
[Black "Zhou, Qiyu"]
[Result "1-0"]
[WhiteElo "2187"]
[BlackElo "1902"]
[PlyCount "131"]
[GameId "2160767909305270"]
[EventDate "2013.07.21"]
[EventType "swiss"]
[EventRounds "9"]
[EventCountry "CAN"]

1. d4 d5 2. c4 e6 3. Nc3 Nf6 4. cxd5 exd5 5. Bg5 Nbd7 6. e3 c6 7. Bd3 Be7 8. Qc2 h6 9. Bh4 O-O 10. Nge2 Re8 11. f3 b6 12. O-O c5 13. Bf2 Bb7 14. Ng3 Rc8 15. Qd2 Nf8 16. Nf5 Ne6 17. Nxe7+ Qxe7 18. Rad1 a6 19. Rfe1 Qf8 20. Bb1 Ng5 21. Bh4 cxd4 22. exd4 Ngh7 23. Bf5 Rxe1+ 24. Rxe1 Re8 25. Re5 g6 26. Bc2 Kg7 27. Bb3 Qd6 28. Rxe8 Nxe8 29. Qe3 Nhf6 30. Qe5 Qxe5 31. dxe5 Nd7 32. Bxd5 Bxd5 33. Nxd5 Nxe5 34. Nxb6 Nd6 35. Bg3 Nec4 36. Nxc4 Nxc4 37. b3 Nb6 38. Kf1 Kf6 39. Ke2 Ke6 40. Kd3 Kd5 41. Bf2 Nd7 42. Bd4 Nb8 43. Kc3 Nc6 44. Bg7 h5 45. Bf6 Kc5 46. b4+ Kb5 47. Kb3 Nb8 48. a4+ Kc6 49. Kc4 Nd7 50. Bd4 Nf8 51. b5+ Kb7 52. Kd5 axb5 53. axb5 Ne6 54. Be3 Nc7+ 55. Kc5 Ne8 56. b6 Ng7 57. Kd5 Nf5 58. Bf2 Ng7 59. Kd6 Nf5+ 60. Kd7 g5 61. Ke8 Nh6 62. Kf8 g4 63. Kg7 Nf5+ 64. Kxf7 gxf3 65. gxf3 Nd6+ 66. Kg6 1-0

[Event "Quebec op inv."]
[Site "Montreal CAN"]
[Date "2013.07.22"]
[Round "3"]
[White "Morin, Yves"]
[Black "Van Heirzeele, Daniel"]
[Result "1/2-1/2"]
[WhiteElo "2185"]
[BlackElo "2116"]
[PlyCount "29"]
[GameId "2160767909305271"]
[EventDate "2013.07.21"]
[EventType "swiss"]
[EventRounds "9"]
[EventCountry "CAN"]

1. Nf3 c5 2. e4 d6 3. Bc4 Nf6 4. e5 dxe5 5. Nxe5 e6 6. Qe2 Bd6 7. O-O O-O 8. d4 cxd4 9. Bg5 Bxe5 10. Qxe5 Nc6 11. Qe2 h6 12. Bh4 e5 13. Nd2 Qd6 14. Rae1 g5 15. f4 1/2-1/2

[Event "Quebec op inv."]
[Site "Montreal CAN"]
[Date "2013.07.22"]
[Round "3"]
[White "Sokolov, Ivan"]
[Black "Gerzhoy, Leonid"]
[Result "1/2-1/2"]
[WhiteElo "2650"]
[BlackElo "2462"]
[PlyCount "81"]
[GameId "2160767739316930"]
[EventDate "2013.07.21"]
[EventType "swiss"]
[EventRounds "9"]
[EventCountry "CAN"]
[WhiteClock "0:00:40"]
[BlackClock "0:00:32"]

1. d4 d5 2. c4 e6 3. Nc3 c6 4. e3 Nf6 5. Bd2 Nbd7 6. Qc2 Bd6 7. cxd5 exd5 8. Bd3 O-O 9. Nge2 Re8 10. Ng3 Nf8 11. O-O Ng4 12. Nce2 Qh4 13. h3 Nf6 14. f4 Bd7 15. Rf3 Re7 16. Nc3 Rae8 17. a3 Nh5 18. Nxh5 Qxh5 19. f5 Qh4 20. Raf1 Qf6 21. Kh1 Bb8 22. e4 Qxd4 23. f6 Rxe4 24. fxg7 Ng6 25. Bxe4 dxe4 26. Rxf7 e3 27. Be1 Qd6 28. g3 Bxh3 29. R1f6 Qe5 30. Qb3 Be6 31. Qxb7 e2 32. Nxe2 Bd5+ 33. Kg1 Qxe2 34. Rf8+ Nxf8 35. gxf8=Q+ Rxf8 36. Rxf8+ Kxf8 37. Qxb8+ Kf7 38. Qxa7+ Kg6 39. Qf2 Qe4 40. Kf1 Bc4+ 41. Kg1 1/2-1/2

[Event "Quebec op inv."]
[Site "Montreal CAN"]
[Date "2013.07.22"]
[Round "3.2"]
[White "Sulskis, Sarunas"]
[Black "Perez Rodriguez, Luis Manuel"]
[Result "1-0"]
[WhiteElo "2559"]
[BlackElo "2427"]
[PlyCount "69"]
[GameId "2160767909305272"]
[EventDate "2013.07.21"]
[EventType "swiss"]
[EventRounds "9"]
[EventCountry "CAN"]

1. e4 e5 2. Nf3 Nc6 3. Bc4 Nf6 4. Ng5 d5 5. exd5 Na5 6. Bb5+ Bd7 7. Qe2 Bd6 8. Nc3 O-O 9. Bxd7 Qxd7 10. Nce4 Be7 11. Nxf6+ Bxf6 12. Ne4 Be7 13. c4 c6 14. Nc3 Bb4 15. O-O Bxc3 16. dxc3 cxd5 17. Rd1 d4 18. Qxe5 Nc6 19. Qg3 Qe6 20. b3 Rad8 21. Bg5 Rd6 22. Be3 Qd7 23. cxd4 Nxd4 24. Bxd4 Rxd4 25. Qf3 Rd8 26. Rxd4 Qxd4 27. Re1 Qd2 28. Kf1 Qxa2 29. Qxb7 g6 30. g3 a5 31. c5 a4 32. c6 Qxb3 33. c7 Qc4+ 34. Kg2 Rf8 35. Rd1 1-0